Statistiche per Quiz sulla Romania

Clicka qui per fare il quiz!

Statistiche generali

  • Questo quiz è stato fatto 1.345 volte
  • Il punteggio medio è 14 su 20

Statistiche sulle risposte

DomandaRisposta% Corretto
CapitaleBucarest
99%
Mare che bagna la RomaniaMar {Nero}
94%
Stati confinantiBulgaria
90%
Paese straniero che ospita oltre
1,2 milioni di emigranti romeni
Italia
89%
Stati confinantiMoldavia
89%
Stati confinantiUcraina
89%
Stati confinantiUngheria
89%
Personaggio immaginario ispirato dal precedenteConte Dracula
87%
Stati confinantiSerbia
83%
Fiume più lungoDanubio
82%
Regione storica della Romania centrale
(inizia con T)
Transilvania
81%
Casa automobilisticaDacia
63%
Sovrano medievale detto "l'Impalatore"Vlad III di Valacchia
60%
Principale catena montuosaMonti {Carpazi}
55%
Seconda città più grande{Cluj}-Napoca
54%
Metodo di esecuzione utilizzato per l'ex
dittatore Nicolae Ceaușescu
25 dicembre 1989
Plotone d'esecuzione
42%
Prima ginnasta ad aver ottenuto il massimo punteggio, 10, alle Olimpiadi, dove ha vinto cinque medaglie d'oro.Nadia Comăneci
34%
Castello erroneamente considerato la casa
di questo personaggio
Castello di {Bran}
30%
Indica uno dei quattro paesi che hanno
un tasso di natalità inferiore a quello della Romania
Singapore | Taiwan |
Corea del Sud | Bosnia
27%
Ultimo re di Romania, costretto
ad abdicare dai sovietici nel 1947,
ma che ha vissuto ancora per 70 anni
Michele I
20%

Distribuzione punteggi

Percentile per numero di risposta

Percentuale di utenti per punteggio

I tuoi punteggi nel tempo

Non hai fatto questo quiz